| 000 | 00936cam a2200289 i 4500 | ||
|---|---|---|---|
| 999 |
_c301 _d301 |
||
| 001 | 80010770 | ||
| 003 | OSt | ||
| 005 | 20190805150436.0 | ||
| 008 | 800131s1980 nyua b 00110 eng | ||
| 020 | _a9780393950755 | ||
| 020 | _a0393950751 (pbk.) | ||
| 040 |
_aDLC _cDLC _dDLC |
||
| 082 | _a572.8 WAT | ||
| 100 | 1 | 0 |
_aWatson, James D., _d1928- _eauthor |
| 245 | 1 | 4 |
_aThe double helix : _ba personal account of the discovery of the structure of DNA / _cJames D. Watson ; edited by Gunther S. Stent. |
| 250 | _a1st ed. | ||
| 260 | 0 |
_aNew York : _bNorton, _cc1980. |
|
| 300 |
_axxv, 298 p. : _bill. ; _c21 cm. |
||
| 490 | 0 | _aA Norton critical edition. | |
| 504 | _aIncludes bibliographies and index. | ||
| 600 | 1 | 0 |
_aWatson, James D., _d1928- . _tDouble Helix _xReviews. |
| 650 | 0 | _aDNA. | |
| 650 | 0 | _aGenetic code. | |
| 650 | 0 |
_aMolecular biology _xHistory. |
|
| 700 | 1 | 0 |
_aStent, Gunther Siegmund, _d1924- _eEditor |
| 942 |
_2ddc _cNFIC |
||